000 01429nam a22002417a 4500
008 240723t2024 stk|||||o||||s00| 0 eng d
041 _aeng
110 _aScottish Land Commission
245 _aA Guide to the Use of Comparables in Rent Reviews
_h[online publication]
260 _bScottish Land Commission,
_cJuly 2024
300 _a8p.
520 _aIssued by: Bob McIntosh, Tenant Farming Commissioner. This guidance responds to the increase in cases involving landlord tenant disputes over the use of comparables in rent reviews, aiming to enhance understanding and procedures when using comparable holdings in rent reviews for agricultural tenancies. The guidance provides clear methodologies and detailed steps for using information from comparable holdings when conducting reviews including how the approach should be applied for 1991 Act tenancies, limited duration tenancies, and modern limited duration tenancies.
650 _aAGRICULTURAL HOLDINGS (SCOTLAND) ACT 1991
650 _aAGRICULTURAL TENANCIES
650 _aCOMPARABLES
650 _aFARM TENANCIES
650 _aLIMITED DURATION TENANCIES
650 _aRENT REVIEWS
651 _aScotland
690 _aLandlord and tenant
_96252
856 _uhttps://www.landcommission.gov.scot/downloads/669e15ba26f63_A%20Guide%20to%20the%20Use%20of%20Comparables%20in%20Rent%20Reviews.pdf
_zAvailable from Scottish Land Commission
942 _n0
999 _c121974
_d121974